Statistics for MIKA Discography

Click here to take the quiz!

General Stats

  • This quiz has been taken 80 times
  • The average score is 48 of 81

Answer Stats

HintAnswer% Correct
Life In Cartoon MotionGrace Kelly
96%
Life In Cartoon MotionLollipop
89%
The Boy Who Knew Too MuchRain
87%
Life In Cartoon MotionRelax, Take It Easy
87%
The Origin Of LoveElle me dit
81%
Life In Cartoon MotionHappy Ending
81%
My Name Is Michael HolbrookIce Cream
81%
No Place In HeavenNo Place In Heaven
81%
The Boy Who Knew Too MuchWe Are Golden
81%
Life In Cartoon MotionBig Girl (You Are Beautiful)
80%
Life In Cartoon MotionLove Today
80%
The Origin Of LoveOrigin Of Love
80%
My Name Is Michael HolbrookTiny Love
78%
The Origin Of LoveEmily
76%
The Origin Of LovePopular Song
76%
2012Popular Song
76%
No Place In HeavenBoum Boum Boum
74%
No Place In HeavenGood Guys
74%
Life In Cartoon MotionStuck In The Middle
74%
Life In Cartoon MotionBilly Brown
72%
My Name Is Michael HolbrookBlue
72%
The Boy Who Knew Too MuchBlue Eyes
72%
No Place In HeavenTalk About You
72%
The Boy Who Knew Too MuchGood Gone Girl
70%
My Name Is Michael HolbrookPaloma
70%
My Name Is Michael HolbrookSanremo
70%
My Name Is Michael HolbrookTomorrow
70%
The Boy Who Knew Too MuchBlame It On The Girls
69%
No Place In HeavenStaring At The Sun
69%
My Name Is Michael HolbrookDear Jealousy
67%
No Place In HeavenHurts
67%
Life In Cartoon MotionMy Interpretation
67%
The Origin Of LoveLola
65%
The Origin Of LoveStardust
65%
The Boy Who Knew Too MuchToy Boy
65%
The Origin Of LoveUnderwater
65%
Life In Cartoon MotionAny Other World
63%
The Origin Of LoveCelebrate
63%
The Boy Who Knew Too MuchDr. John
61%
No Place In HeavenJ'ai pas envie
61%
No Place In HeavenAll She Wants
59%
No Place In HeavenLast Party
59%
The Origin Of LoveLove You When I'm Drunk
59%
My Name Is Michael HolbrookPlatform Ballerinas
59%
Life In Cartoon MotionRing Ring
59%
No Place In HeavenGood Wife
56%
My Name Is Michael HolbrookTiny Love Reprise
56%
The Boy Who Knew Too MuchBy The Time
54%
The Origin Of LoveHeroes
54%
The Origin Of LoveKids
54%
My Name Is Michael HolbrookReady To Call This Love
54%
The Boy Who Knew Too MuchTouches You
54%
2022YoYo
54%
My Name Is Michael HolbrookCry
52%
The Boy Who Knew Too MuchI See You
52%
No Place In HeavenJe Chante
52%
The Origin Of LoveMake You Happy
52%
No Place In HeavenOrdinary Man
52%
The Boy Who Knew Too MuchPick Up Off The Floor
52%
No Place In HeavenL'amour Fait Ce Qu'il Veut
50%
No Place In HeavenLes Baisers Perdus
50%
No Place In HeavenOh Girl You're The Devil
50%
The Origin Of LoveOverrated
50%
The Origin Of LoveStep With Me
48%
2020Le Coeur Holiday
46%
The Boy Who Knew Too MuchOne Foot Boy
46%
No Place In HeavenBeautiful Disaster
44%
2017It's My House
44%
My Name Is Michael HolbrookI Went to Hell Last Night
44%
2013Live Your Life
44%
The Boy Who Knew Too MuchLover Boy
44%
My Name Is Michael HolbrookStay High
44%
No Place In HeavenTant Que J'ai Le Soleil
41%
2019Sound Of An Orchestra
37%
The Origin Of LoveTah Dah
33%
No Place In HeavenFeels Like Love
31%
2022Who's Gonna Love Me Now
26%
2019Domani
24%
2020Me, Myself
19%
2020Bella D'Estate
13%
2020Six heures d'avion nous separent
13%

Score Distribution

Percentile by Number Answered

Percent of People with Each Score

Your Score History

You have not taken this quiz